000 00673nam a2200193Ia 4500
001 19578
003 GE_BSU
008 181216s||||||||xx |||||||||||||| ||und||
040 _cGE_BSU
080 _a02
245 _aსაბიბლიოთეკო დოკუმენტების საგნირების მეთოდიკა
260 _aთბილისი
260 _c?
300 _a5გვ.
653 _aბიბლიოთეკარი
653 _aსაბიბლიოთეკო დოკუმენტების საგნირების მეთოდიკა
653 _aქსეროქსი
942 _cBK
999 _c52554
_d52554